Carregant...
Statistical techniques in agricultural and biological research
| Autor principal: | |
|---|---|
| Format: | Printed Book |
| Idioma: | Undetermined English |
| Publicat: |
New Delhi
Oxford & IBH publishing co. pvt. ltd
|
| Matèries: |
| LEADER | 00610nam a2200169Ia 4500 | ||
|---|---|---|---|
| 008 | 140306s9999 xx 000 0 und d | ||
| 041 | |a eng | ||
| 082 | |a 630.219 5 |b DAM | ||
| 100 | |a Damaraju, Raghavarao | ||
| 245 | |a Statistical techniques in agricultural and biological research | ||
| 260 | |a New Delhi |b Oxford & IBH publishing co. pvt. ltd | ||
| 300 | |a 365 | ||
| 650 | |a Agriculture statistics | ||
| 650 | |a sampling techniques | ||
| 942 | |2 ddc |c BK | ||
| 999 | |c 52899 |d 52899 | ||
| 952 | |0 0 |1 0 |2 ddc |4 0 |6 630_219000000000000_5_DAM |7 0 |9 69223 |a KAUACV |b KAUACV |d 2004-05-07 |o 630.219 5 DAM |p KAU_ACV-20982 |r 2014-03-22 |w 2014-03-22 |y BK | ||